| Tag |
First Indicator |
Second Indicator |
Subfields |
| LEADER |
00000cam a2200000 i 4500 |
| 001 |
in00005673621 |
| 003 |
OCoLC |
| 005 |
20260112175404.8 |
| 008 |
250818t20252025mau 000 p eng d |
| 010 |
|
|
|a 2025950001
|
| 040 |
|
|
|a DLC
|e rda
|c DLC
|
| 020 |
|
|
|a 9781946482822
|q (paperback)
|
| 020 |
|
|
|a 194648282X
|
| 035 |
|
|
|a (OCoLC)1533482910
|
| 043 |
|
|
|a n-us-nd
|a n-us-sd
|
| 082 |
0 |
|
|a 811/.6
|2 23
|
| 050 |
0 |
0 |
|a PS3604.Z54
|b S66 2025
|
| 100 |
1 |
|
|a Dzieglewicz, Teresa,
|e author.
|
| 245 |
1 |
0 |
|a Something small of how to see a river :
|b poems /
|c Teresa Dzieglewicz.
|
| 264 |
|
1 |
|a North Adams, Massachusetts :
|b Tupelo Press,
|c [2025].
|
| 264 |
|
4 |
|c ©2025.
|
| 300 |
|
|
|a xiii, 78 pages ;
|c 26 cm.
|
| 336 |
|
|
|a text
|b txt
|2 rdacontent
|
| 337 |
|
|
|a unmediated
|b n
|2 rdamedia
|
| 338 |
|
|
|a volume
|b nc
|2 rdacarrier
|
| 520 |
|
|
|a Through the weaving of documentary poetics, first-hand accounts, dialogue and lyric, these poems tell the story of co-running a school at the Ocethi Sakowin Camp at Standing Rock. Something Small of How to See a River interrogates the idea of narrative. Who gets to tell a story and what does it mean when the official story, the story told by the governor, the police or the local media, is a fundamentally dishonest one? The poems collected here meditate on failure, how systems fail us and our environment, how whiteness fails to hold itself accountable, how future generations and the land are being failed and how, in the face of all this, the Standing Rock movement was not a failure. At the heart of this collection is the strength, care and radical joy of the movement, which shines through and against the violence.
|
| 650 |
|
0 |
|a Protest camps
|z Standing Rock Indian Reservation (N.D. and S.D.)
|v Poetry.
|
| 650 |
|
0 |
|a Protest movements
|z Standing Rock Indian Reservation (N.D. and S.D.)
|v Poetry.
|
| 651 |
|
0 |
|a Dakota Access Pipeline
|v Poetry.
|
| 651 |
|
0 |
|a Standing Rock Sioux Tribe of North & South Dakota
|x Political activity
|v Poetry.
|
| 945 |
|
|
|b 587642
|
| 947 |
|
|
|a A14852318808
|
| 948 |
|
|
|a dmitchel 1/12/26 11.50.30
|
| 980 |
|
|
|b print
|c 40033020125
|f LIT/B
|g 565714
|k USD
|m 15.96
|q 1
|s AcqMono Conventional
|t Approval plan
|u Vendor order reference number
|v ZYBP
|y Print approval
|z Physical resource
|
| 999 |
f |
f |
|i 88fa8d31-8569-41b8-b9bc-dd7635332889
|s 43adc65f-9b48-4990-85d7-fa59d9b413a8
|t 0
|
| 952 |
f |
f |
|p normal
|a Texas A&M University
|b College Station
|c Sterling C. Evans Library
|s Evans stk
|d Evans: Library Stacks
|t 0
|e PS3604.Z54 S66 2025
|h Library of Congress classification
|i unmediated -- volume
|m A14852318808
|
| 998 |
f |
f |
|a PS3604.Z54 S66 2025
|t 0
|l Evans: Library Stacks
|